Entre el hecho estético y la forma : (Record no. 62)
[ view plain ]
| 000 -LEADER | |
|---|---|
| campo de control de longitud fija | 01251cam a22003254a 4500 |
| 001 - NÚMERO DE CONTROL | |
| campo de control | 13193335 |
| 003 - IDENTIFICADOR DE NÚMERO DE CONTROL | |
| campo de control | AQWSDCXZS |
| 005 - FECHA Y HORA DE LA ÚLTIMA TRANSACCIÓN | |
| campo de control | 20220326193248.0 |
| 008 - DATOS DE LONGITUD FIJA--INFORMACIÓN GENERAL | |
| campo de control de longitud fija | 030505s2002 cr b 000 0 spa |
| 010 ## - NÚMERO DE CONTROL DE LA BIBLIOTECA DEL CONGRESO | |
| Número de control de LC | 2003482821 |
| 020 ## - NÚMERO INTERNACIONAL ESTÁNDAR DEL LIBRO | |
| Número Internacional Estándar del Libro | 9968998478 |
| 035 ## - NÚMERO DE CONTROL DEL SISTEMA | |
| Número de control de sistema | (NcChVT)VT87CR228 |
| 040 ## - FUENTE DE CATALOGACIÓN | |
| Centro catalogador/agencia de origen | DLC |
| Centro/agencia transcriptor | DLC |
| 042 ## - CÓDIGO DE AUTENTICACIÓN | |
| Código de autenticación | pcc |
| 050 00 - SIGNATURA TOPOGRÁFICA DE LA BIBLIOTECA DEL CONGRESO | |
| Número de clasificación | NX65 |
| Número de ítem | .C328 2002 |
| 082 ## - NÚMERO DE LA CLASIFICACIÓN DECIMAL DEWEY | |
| Número de clasificación | 864.44 |
| Número de ítem | C263e |
| 100 1# - ENTRADA PRINCIPAL--NOMBRE DE PERSONA | |
| Nombre de persona | Carballo, Dinorah, |
| Fechas asociadas al nombre | 1947- |
| 9 (RLIN) | 317 |
| 245 10 - MENCIÓN DEL TÍTULO | |
| Título | Entre el hecho estético y la forma : |
| Resto del título | ensayo / |
| Mención de responsabilidad, etc. | Dinorah Carballo. |
| 250 ## - MENCION DE EDICION | |
| Mención de edición | 1. ed. |
| 260 ## - PUBLICACIÓN, DISTRIBUCIÓN, ETC. | |
| Lugar de publicación, distribución, etc. | San José : |
| Nombre del editor, distribuidor, etc. | Editorial Osadía, |
| Fecha de publicación, distribución, etc. | 2002. |
| 300 ## - DESCRIPCIÓN FÍSICA | |
| Extensión | 57 p. ; |
| Dimensiones | 21 cm. |
| Otras características físicas | ill (a color) |
| 504 ## - NOTA DE BIBLIOGRAFÍA, ETC. | |
| Nota de bibliografía, etc. | Includes bibliographical references (p. 55-57). |
| 505 ## - NOTA DE CONTENIDO CON FORMATO | |
| Título | Una nota desde adentro |
| -- | Prologo |
| -- | Primera Parte |
| -- | Segunda Parte Mi proceso creativo |
| -- | Datos biograficos |
| -- | Bibliografia |
| 520 ## - RESUMEN, ETC. | |
| Sumario, etc. | Philosophic essays on art by noted Costa Rican artist, with focus on the ideas of Borges and Freud. |
| 650 #0 - PUNTO DE ACCESO ADICIONAL DE MATERIA--TÉRMINO DE MATERIA | |
| Término de materia o nombre geográfico como elemento de entrada | Arts. |
| Subdivisión general | literatura costarricense-ensayos |
| 9 (RLIN) | 318 |
| 650 #0 - PUNTO DE ACCESO ADICIONAL DE MATERIA--TÉRMINO DE MATERIA | |
| Término de materia o nombre geográfico como elemento de entrada | Creation (Literary, artistic, etc.) |
| 9 (RLIN) | 319 |
| 700 ## - ENTRADA AGREGADA--NOMBRE PERSONAL | |
| Nombre de persona | Dinorah Carballo |
| 9 (RLIN) | 320 |
| 906 ## - ELEMENTOS DE DATOS F LOCAL, LDF (RLIN) | |
| a | 7 |
| b | cbc |
| c | origres |
| d | 3 |
| e | ncip |
| f | 20 |
| g | y-gencatlg |
| Estatus retirado | Estado de pérdida | Fuente del sistema de clasificación o colocación | Estado de daño | No para préstamo | Biblioteca de origen | Biblioteca actual | Ubicación en estantería | Fecha de adquisición | Total de préstamos | Signatura topográfica completa | Código de barras | Visto por última vez | Precio de reemplazo | Tipo de ítem Koha |
|---|---|---|---|---|---|---|---|---|---|---|---|---|---|---|
| Clasificación Decimal Dewey | Biblioteca LadoV | Biblioteca LadoV | 09/04/2014 | 864.44 C263e | 000059 | 09/04/2014 | 09/04/2014 | Material 01 |
